Quizzes
Events
Quiz Creation
Community
Videos
Private Events
Remove Ads
Sign In
Join for FREE
Feedback
Dark Mode
Quiz Categories
Sports
Geography
Music
Movies
Television
Just For Fun
Miscellaneous
History
Literature
Language
Science
Gaming
Entertainment
Religion
Holiday
For Kids
Quiz Lab
Recent
Popular Today
Quiz Kudos Today
Editor Picks
Curator Picks
Quizzes by...
Day
Popularity
Type
Ratings
Length
Year
Community
Subscriptions
Recent Discussions
Orange Saloon
Badges
Playlists
Quests
Create
Leaderboards
Showdown
Live 5
Trivia Bingo
Activity
Puzzle Library
Sporcle Events
Private Events
Virtual Trivia
Globe League
Become a Host
Pub Owners
SporcleCon
Opinionation
Our Games
Videos
Blog
Mobile Apps
Partnerships
Remove Ads and Go Orange
Feedback
Just For Fun
Clickable
Get the Picture
Humor
Quick Pick
Word Ladder
Missing Word
Mixed Word
Blitz
Minefield
This or That
Alphabet
Color
Typing
Sporcle
Puzzle
Word Play
Follow That Line
Logic
Just For Fun
Clickable
Get the Picture
Humor
Quick Pick
Word Ladder
Missing Word
Mixed Word
Blitz
Minefield
This or That
Alphabet
Color
Typing
Sporcle
Puzzle
Word Play
Follow That Line
Logic
Random Quiz
Search Sporcle
×
Quiz Lab
Quiz Lab
Just For Fun
Cereal
Type in answers that appear in a list
Type in answers that appear in a list
Classic
Best Score? Go Orange.
Malt-O-Meal Cold Cereals Stats
Can you name the Malt-O-Meal Cold Cereals?
By
piehole4ever
5m
23 Questions
16 Plays
16 Plays
16 Plays
Comments
Comments
Give Quiz Kudos
Give Quiz Kudos
-
- Ratings
hide this ad
Replay
Link that replays current quiz
Next Quiz
Link to next quiz in quiz playlist
You Got
0%
They Got
Avg Score
45%
Avg Friend Score
Upgrade to see
Score Distribution
Jump to the score distribution portion of the page
Score
0/23
Timer
05:00
0
Plays Today
Cereal
% Correct
Cocoa Dyno-Bites
68.8%
Dyno-Bites
62.5%
Marshmallow Mateys
62.5%
Apple Zings
56.3%
Cinnamon Toasters
56.3%
Coco Roos
56.3%
Frosted Flakes
56.3%
Honey Buzzers
56.3%
Tootie Fruities
56.3%
Frosted Mini Spooners
50%
Raisin Bran
50%
Colossal Crunch
43.8%
Cereal
% Correct
Crispy Rice
43.8%
Honey Nut Scooters
43.8%
Blueberry Muffin Tops
37.5%
Honey Graham Squares
37.5%
Chocolate Marshmallow Mateys
37.5%
Corn Bursts
31.3%
Golden Puffs
31.3%
Honey & Oat Blenders
31.3%
Honey & Oat Blenders with Almonds
31.3%
Chocolate Frosted Flakes
25%
Chocolatey Frosted Mini Spooners
25%
Quiz Playlist
Details
Report
Send in Message
Add To Playlist
Classic:
Type in answers that appear in a list
Quiz Source
Last Updated: Feb 16, 2017
Quiz Scoreboard
CHALLENGE
Sign Up to Join the Scoreboard
Show All
Scores
Hide
Comments
May contain spoilers
Recently Published
Billboard Blitz: Fleetwood Mac
by CooCooCachoo
Music
15s
Presidents Visiting Landmarks
by Hejman
History
7m
An Introduction to Baseball
by treessimontrees
Sports
5m
More to Explore
Quiz From the Vault
Featured Blog Post
Where Did the Easter Bunny Come From?
hide this ad
You Might Also Like...
Tags
Alternative
breakfast
Breakfast Cereals
Cereal
Cereal Brands
Today's Top Quizzes in Just For Fun
Browse Just For Fun
hide this ad
Today's Top Quizzes in Cereal
Browse Cereal
Top Contributed Quizzes in Just For Fun
1
Killer Double Trees 224 - Colour Match-Up
2
Crossword Whiteout! 49
3
Spring Typing Challenge
4
Zeroing In: Just For Fun
5
Harry Potter Logic - 'In Chains' II
6
Kyle's 122nd Triple Trees
7
Word Ladder: Ahoy Matey
8
Survivor Winners Logic Puzzle
9
Word Ladder: Wilderness Weapon
10
Edinburgh Fringe jokes 2015
Explore More
Trending Topics
Crossword
Kpop
Anime
Disney
NBA
Marvel
Harry Potter
Puzzle
Song
The Office
Country
Pokémon
WWE
NFL
Soccer
hide this ad
More By:
piehole4ever
Quiz
Plays
Rating
Category
Featured
Created
Shaun of the Dead Movie Quiz
2,824
4.00
Movies
Sep 27, 2010
Ultimate Home Alone Quiz
2,390
3.83
Movies
Dec 18, 2010
Wayne's World Movie Quiz!
1,855
4.83
Movies
Oct 28, 2010
Selena Quintanilla Perez Quiz
1,615
5.00
Music
May 5, 2010
Beetlejuice Movie Quiz
1,457
5.00
Movies
Oct 27, 2010
Go to Creator's Profile
Score Distribution
Quiz Creator Spotlight
piehole4ever
Follow
Send a Message
Quizzes Created
-
Created Quiz Play Count
-
More By This Creator
Popular Quizzes Today
1
Find the US States - No Outlines Minefield
2
Find the Countries of Europe - No Outlines Minefield
3
The Countries of the World
4
Find the US States
5
US States
6
Popular People in 1961
7
Risky Map Clicking: Biggest States A-Z
8
Movies - When Are They Set?
More Just For Fun Quizzes
Word Ladder: You Can Tune a Piano...
Published
Trending Quizzes
Risky Map Clicking: Least Populous States A-Z
1-10 Letter G Words
1-10 Letter F Words
Risky Map Clicking: Next State Alphabetically
Risky Map Clicking: Biggest States A-Z
Recently Updated
Leaping Animals
pecheneg
Reality TV Shows (A-Z)
bhenderson79
Rickey Henderson's Hall of Fame Teammates
pecheneg
Champions League XIs: Arsenal
pecheneg
Quick Pick: Celebrities in WWE's Hall of Fame
aduchscher
A-Z Keypad Blitz II
pecheneg
Multiple Oscar Actors
pecheneg
Mystery Phrase Blitz: Oscar 'Best Actors'
pecheneg
F. Scott Fitzgerald Novels
LTH
Pick 3 Villains
ddd62291
Trending Topics
Anime
Harry Potter
NBA
Kpop
Marvel
Crossword
Disney
WWE
The Office
Song
Pokémon
Country
NFL
Puzzle
Soccer
Your Account Isn't Verified!
In order to create a playlist on Sporcle, you need to verify the email address you used during registration. Go to your
Sporcle Settings
to finish the process.
Report this User
Report this user for behavior that violates our
Community Guidelines
.
Details:
Send Report
Go to the Sporcle.com Mobile Site →
Comments